| 000 | 00519nam a2200169 a 4500 | ||
|---|---|---|---|
| 001 | 4990 | ||
| 003 | CO-ViMGA | ||
| 008 | 141112s2004 ck r 000 u spa d | ||
| 040 |
_aCO-ViMGA _bspa _cCO-ViMGA |
||
| 082 | 0 | 4 | _a986.1076 B874 |
| 100 | 1 |
_aBushnell, David _95113 |
|
| 245 | 1 | 0 |
_aColombia una nación a pesar de si misma : _bDe los tiempos precolombinos a nuestros días |
| 260 |
_aSantafé de Bogotá : _bPlaneta, _c1996 |
||
| 300 | _a434 p | ||
| 650 | 1 | 4 |
_aCOLOMBIA - HISTORIA CONTEMPORANEA _95114 |
| 942 |
_2ddc _cBK |
||
| 999 |
_c16992 _d16992 |
||